LEADER 01323nam 2200337Ia 450 001 996394110703316 005 20200824132829.0 035 $a(CKB)4940000000118973 035 $a(EEBO)2240889452 035 $a(OCoLC)ocm38875787e 035 $a(OCoLC)38875787 035 $a(EXLCZ)994940000000118973 100 $a19980331d1644 uy | 101 0 $aeng 135 $aurbn||||a|bb| 200 14$aThe posture of Davids spirit, when he was in a doubtful condition$b[electronic resource] $eopened in a sermon preached before the honourable House of Commons at Margarets Westminster, upon October 22, 1644, being a day especially set apart for a publike humiliation /$fby Richard Vines .. 210 $aLondon $cPrinted by J.M. for Abel Roper ...$d1656 215 $a[4], 18 p 300 $aImperfect: stained and defaced. 300 $aReproduction of original in: William Andrews Clark Memorial Library, University of California, Los Angeles. 330 $aeebo-0189 606 $aSermons, English$y17th century 615 0$aSermons, English 700 $aVines$b Richard$f1600?-1656.$01001686 801 0$bEAE 801 1$bEAE 801 2$bWaOLN 906 $aBOOK 912 $a996394110703316 996 $aThe posture of Davids spirit, when he was in a doubtful condition$92368816 997 $aUNISA LEADER 01364nam 2200349 n 450 001 996392877003316 005 20221108065622.0 035 $a(CKB)4940000000110725 035 $a(EEBO)2240935416 035 $a(UnM)99867386 035 $a(EXLCZ)994940000000110725 100 $a19940511d1657 uy | 101 0 $aeng 135 $aurbn||||a|bb| 200 14$aThe city remembrancer. Or, A sermon preached to the native-citizens, of London$b[electronic resource] $eat their solemn assembly in Pauls on Tuesday, the 23 of June, A.D. MDCLVII. /$fBy Edm. Calamy B.D. and pastor of the church at Aldermanbury 210 $aLondon, $cPrinted by S.G. for John Baker, at the sign of the Peacock in Pauls Church-yard.$d1657 215 $a[16], 74 p 300 $aAnnotation on Thomason copy: "July 30". 300 $aReproduction of the original in the British Library. 330 $aeebo-0018 606 $aSermons, English$y17th century 607 $aLondon (England)$xHistory$y17th century$vEarly works to 1800 615 0$aSermons, English 700 $aCalamy$b Edmund$f1600-1666.$01002065 801 0$bCu-RivES 801 1$bCu-RivES 801 2$bCStRLIN 801 2$bWaOLN 906 $aBOOK 912 $a996392877003316 996 $aThe city remembrancer. Or, A sermon preached to the native-citizens, of London$92338943 997 $aUNISA LEADER 00953cam a2200253 i 4500 001 991000125189707536 005 20240521111139.0 008 031121s2003 it 000 0 ita d 020 $a8807103532 035 $ab12573875-39ule_inst 040 $aDip.to Studi Storici$bita 082 0 $a347.4512 100 1 $aCerutti, Simona$0141883 245 10$aGiustizia sommaria$bpratiche e ideali di giustizia in una società di Ancien Regime (Torino XVIII secolo) /$cSimona Cerutti 260 $aMilano :$bFeltrinelli,$c2003 300 $a228 p. ;$c22 cm. 490 0 $aCampi del sapere 650 4$aGiustizia$zTorino$ysec. 18. 907 $a.b12573875$b02-04-14$c21-11-03 912 $a991000125189707536 945 $aLE023 347.45 CER 1 1$g1$i2023000060513$lle023$nordini 2003 Gaudioso$o-$pE22.00$q-$rl$s-$t0$u1$v0$w1$x0$y.i13030619$z21-11-03 996 $aGiustizia sommaria$966313 997 $aUNISALENTO 998 $ale023$b21-11-03$cm$da$e-$fita$git$h0$i0